Souvenir of Cairo.

محفوظ في:

مؤلف مشترك: Cairo Postcard Trust.

التنسيق: كتاب

اللغة: English

الموضوعات:

الوسوم: إضافة وسم

لا توجد وسوم, كن أول من يضع وسما على هذه التسجيلة!

رقم الطلب: ( L )DT144.3 .S68

LEADER 00590nam a22002057a 4500
003 OSt
005 20251222133741.0
008 251222t19901999ua a g 000 0 eng d
040 |c ARCE Library 
050 1 4 |a ( L )DT144.3  |b .S68 
245 0 0 |a Souvenir of Cairo.  
264 1 |a [Cairo :  |b Cairo Postcard Trust,  |c 199-?] 
300 |a 1 volume of illustrations ;  |c 30 cm. 
336 |a text  |b txt  |2 rdacontent 
337 |a unmediated  |b n  |2 rdamedia 
338 |a volume  |b nc  |2 rdacarrier 
651 0 |a Cairo (Egypt)  |v Pictorial works.  
710 2 |a Cairo Postcard Trust.  
942 |c BK  |2 lcc 
999 |c 29748  |d 29748